Crisis y transformación de la agricultura Colombia: (Registro nro. 12393)

Detalles MARC
000 -LEADER
fixed length control field 02566nam a2200289Ia 4500
003 - CONTROL NUMBER IDENTIFIER
control field OSt
005 - DATE AND TIME OF LATEST TRANSACTION
control field 20210908111635.0
008 - FIXED-LENGTH DATA ELEMENTS--GENERAL INFORMATION
fixed length control field 210310s2002 ck gr 000 0 spa d
020 ## - INTERNATIONAL STANDARD BOOK NUMBER
International Standard Book Number 95838006864
040 ## - CATALOGING SOURCE
Original cataloging agency CO-JMCR
Transcribing agency CO-JMCR
041 0# - LANGUAGE CODE
Language code of text/sound track or separate title spa
082 04 - DEWEY DECIMAL CLASSIFICATION NUMBER
Classification number 338.109861 /
Item number J371c
Edition number 23
100 1# - MAIN ENTRY--PERSONAL NAME
Personal name Jaramillo, Carlos Felipe,
Relator term autor
9 (RLIN) 28106
245 10 - TITLE STATEMENT
Title Crisis y transformación de la agricultura Colombia:
Remainder of title 1990-2000 /
Statement of responsibility, etc. Carlos Felipe Jaramillo ; traducción, Francisco Ruiz, Bernardo Recamán
260 ## - PUBLICATION, DISTRIBUTION, ETC.
Place of publication, distribution, etc. Bogotá :
Name of publisher, distributor, etc. Banco de la República,
Date of publication, distribution, etc. 2002
300 ## - PHYSICAL DESCRIPTION
Extent 233 páginas ;
Other physical details ilustraciones y gráficas en blanco y negro ;
Dimensions 23 cm.
500 ## - GENERAL NOTE
General note Incluye datos biográficos del autor e índices.
504 ## - BIBLIOGRAPHY, ETC. NOTE
Bibliography, etc. note Bibliografía : páginas 215-223.
505 0# - FORMATTED CONTENTS NOTE
Formatted contents note Estrategias de desarrollo en América Latina. -- La agricultura colombiana y su desarrollo: 1950-1990. -- La apertura en el campo. -- 1992: la crisis agropecuaria. -- La agricultura después de la crisis: 1993-1997. -- La agricultura colombiana en la década del 90. -- Hacia un nuevo milenio: 1998-2000.
520 0# - SUMMARY, ETC.
Summary, etc. Este libro presenta un análisis de las reformas en la política agropecuaria colombiana introducidas desde principios de la década de los 90. Los cambios relacionados con la apertura económica produjeron fuertes transformaciones en el agro, sector que al iniciar la década contribuía con una quinta parte del empleo y el producto nacional y generaba un tercio de las divisas del país.<br/>Este estudio describe y analiza los desarrollos más importantes del sector agropecuario colombiano a partir de 1990. Se hace especial énfasis sobre el papel crucial que han jugado los factores macroeconómicos en su desempeño y, particularmente, la evolución de la tasa real de cambio. Dentro de los interrogantes que motivan el análisis están: ¿Cuál fue la naturaleza de las reformas económicas en la agricultura? ¿Fueron las reformas las responsables de la crisis agropecuaria de 1992? ¿Cómo reaccionó el gobierno frente a la caída en los ingresos agropecuarios? ¿Qué efectos tuvieron las medidas adoptadas después de la crisis? ¿Cuál fue la naturaleza de los cambios estructurales en el sector agropecuario colombiano después de 1990? ¿Por qué ocurrieron estos cambios?
650 14 - SUBJECT ADDED ENTRY--TOPICAL TERM
Topical term or geographic name entry element Agricultura
General subdivision Historia
Geographic subdivision Colombia
9 (RLIN) 28108
650 24 - SUBJECT ADDED ENTRY--TOPICAL TERM
Topical term or geographic name entry element Desarrollo rural
Geographic subdivision Colombia
9 (RLIN) 9612
650 24 - SUBJECT ADDED ENTRY--TOPICAL TERM
Topical term or geographic name entry element Política agraria
Geographic subdivision Colombia
9 (RLIN) 40151
700 1# - ADDED ENTRY--PERSONAL NAME
Personal name Francisco Ruiz,
Relator term traductor
9 (RLIN) 40152
700 1# - ADDED ENTRY--PERSONAL NAME
Personal name Recamán, Bernardo,
Relator term traductor
9 (RLIN) 40153
942 ## - ADDED ENTRY ELEMENTS (KOHA)
Source of classification or shelving scheme Dewey Decimal Classification
Koha item type Books
Existencias
Withdrawn status Lost status Source of classification or shelving scheme Damaged status Not for loan Home library Current library Shelving location Date acquired Source of acquisition Full call number Barcode Date last seen Copy number Price effective from Koha item type Total Checkouts
    Dewey Decimal Classification     Biblioteca Pública José María del Castillo y Rada Biblioteca Pública José María del Castillo y Rada General Stacks 04/15/2018 Donación 338.109861 / J371c 430005601 05/16/2024 Ej.1 03/10/2021 Books  
    Dewey Decimal Classification     Biblioteca Pública José María del Castillo y Rada Biblioteca Pública José María del Castillo y Rada General Stacks 04/15/2018 Donación 338.109861 / J371c 430005072 05/16/2024 Ej.2 03/10/2021 Books